[Event "Negambo op 4th"]
[Site "Negambo"]
[Date "2018.08.20"]
[Round "9"]
[White "Himsara, WA Janidu"]
[Black "Tharushi, THD Niklesha"]
[Result "0-1"]
[WhiteElo "1266"]
[BlackElo "1561"]
[PlyCount "66"]
[EventDate "2018.08.16"]
[EventType "swiss"]
[EventRounds "10"]
[EventCountry "SRI"]
[SourceTitle "CBM 186 Extra"]
[Source "ChessBase"]
[SourceDate "2018.08.24"]
[SourceVersion "1"]
[SourceVersionDate "2018.08.24"]
[SourceQuality "1"]

1. e4 c5 2. Nc3 a6 3. f4 b5 4. Nf3 Bb7 5. d3 e6 6. Be2 d5 7. exd5 exd5 8. d4 Nf6 9. Ne5 Be7 10. 0-0 0-0 11. Kh1 Ne4 12. f5 cxd4 13. Nxe4 dxe4 14. Qe1 Bh4 15. Qd1 Nc6 16. Bf4 Qd5 17. c4 Qd8 18. cxb5 axb5 19. Bxb5 Nxe5 20. Bxe5 Qd5 21. Qxd4 Qxb5 22. Bxg7 Rfd8 23. Qc3 Rd3 24. Qc1 Kxg7 25. Rf4 Bf6 26. Rg4+ Kh8 27. Qh6 Qxf5 28. Rf4 Bg5 29. Rxf5 Bxh6 30. Rxf7 Bd5 31. Re7 e3 32. Re1 Rd2 33. Re5 Bxg2+ 0-1